00498nam a2200145Ia 4500003000900000008004100009020002600050040001600076100002300092245004900115260003200164300002000196490003300216856010300249IN-BaIIA211028s9999 xx s 000 0 eng d a9780819485588 (Print) cIIA Library aLuo, Qingming, ed. 0aOptical Sensors and Biophotonics IIh[eBook] aWashington, USAbSPIEc2011 aOnline resource aProceedings of SPIE; V. 7990 uhttps://www.spiedigitallibrary.org/conference-proceedings-of-spie/7990yClick Here to Access eBook